00420nam a2200157Ia 45000010006000000050017000060080041000230410008000640820016000721000025000882450096001132600009002093000028002186500008002466540008002541931520260306172644.0260306t1994||||xx |||||||||||||| ||spa|| aESP a658.83bV37 aVavra, Terry G.eAUT 0aAfter-marketing:bcómo conservar clientes de por vida mediante el marketing de relaciones c1994 a287 páginas :c23 cm. aGEN aCAN